[Event "TSV Zeulenroda-SG Arnstadt-Stadtilm 2"]
[Site "?"]
[Date "2009.12.20"]
[Round "4.2"]
[White "Liebold, Thomas"]
[Black "Hopf, Peter"]
[Result "1/2-1/2"]
[WhiteElo "2059"]
[BlackElo "1797"]
[PlyCount "30"]
[EventDate "2010.??.??"]

1. e4 e5 2. Bc4 Nf6 3. Nc3 Nxe4 4. Qh5 Nd6 5. Bb3 Nc6 6. Nb5 g6 7. Qf3 Nf5 8.
Qd5 Nh6 9. d3 d6 10. Bxh6 Be6 11. Qf3 Bxh6 12. Bxe6 fxe6 13. Qh3 Bg7 14. Qxe6+
Ne7 15. Nf3 Qd7 1/2-1/2

[Event "TSV Zeulenroda-SG Arnstadt-Stadtilm 2"]
[Site "?"]
[Date "2009.12.20"]
[Round "4.3"]
[White "Walter, Bernd"]
[Black "Wolfram, Thomas"]
[Result "0-1"]
[WhiteElo "1772"]
[BlackElo "1821"]
[PlyCount "64"]
[EventDate "2010.??.??"]

1. e4 d6 2. d4 g6 3. f4 Bg7 4. Be3 Nf6 5. Nc3 Ng4 6. Qd2 O-O 7. Nf3 c6 8. h3
Nxe3 9. Qxe3 Qb6 10. Nd1 Nd7 11. Bd3 c5 12. c3 e5 13. fxe5 cxd4 14. cxd4 dxe5
15. d5 Nc5 16. Bc2 f5 17. exf5 Bxf5 18. Bxf5 gxf5 19. Nd2 f4 20. Qe2 e4 21. Nc4
Qb4+ 22. Kf1 f3 23. Qc2 fxg2+ 24. Kxg2 Nd3 25. Rb1 Rac8 26. b3 Qe7 27. Qd2 Rf4
28. Rg1 Rcf8 29. Kh1 Qh4 30. Qg2 R8f7 31. Nd6 Rf3 32. Kh2 Rf2 0-1

[Event "TSV Zeulenroda-SG Arnstadt-Stadtilm 2"]
[Site "?"]
[Date "2009.12.20"]
[Round "4.4"]
[White "Barth, Christian"]
[Black "Göbel, Helmut"]
[Result "1/2-1/2"]
[WhiteElo "1809"]
[BlackElo "1722"]
[PlyCount "34"]
[EventDate "2010.??.??"]

1. e4 c6 2. d4 d5 3. exd5 cxd5 4. c4 Nf6 5. Nc3 Nc6 6. Be3 g6 7. Nf3 Bg7 8. c5
O-O 9. a3 Ne4 10. Be2 Nxc3 11. bxc3 e5 12. O-O Be6 13. Qa4 Bd7 14. Qb3 Bc8 15.
dxe5 Nxe5 16. Rad1 Qc7 17. Qxd5 Bg4 1/2-1/2

[Event "TSV Zeulenroda-SG Arnstadt-Stadtilm 2"]
[Site "?"]
[Date "2009.12.20"]
[Round "4.5"]
[White "Zeising, Benjamin"]
[Black "Werner, Daniel"]
[Result "1-0"]
[WhiteElo "1681"]
[BlackElo "1729"]
[PlyCount "49"]
[EventDate "2010.??.??"]

1. e4 e5 2. Nc3 Nf6 3. f4 d5 4. fxe5 Nxe4 5. Nf3 Bg4 6. Be2 c6 7. d3 Nxc3 8.
bxc3 Be7 9. O-O Bxf3 10. Bxf3 d4 11. c4 Nd7 12. Rb1 Nc5 13. Bh5 O-O 14. Qg4 g6
15. Bh6 f5 16. exf6 Rxf6 17. Rxf6 Bxf6 18. Qg3 b6 19. Rf1 Bg7 20. Bxg7 Kxg7 21.
Qe5+ Kg8 22. Bg4 Qe8 23. Qxd4 Rd8 24. Qf6 Nb7 25. Be6+ 1-0

[Event "TSV Zeulenroda-SG Arnstadt-Stadtilm 2"]
[Site "?"]
[Date "2009.12.20"]
[Round "4.6"]
[White "Skibbe, Diana"]
[Black "Hoyer, Willy"]
[Result "1-0"]
[WhiteElo "1884"]
[BlackElo "1681"]
[PlyCount "57"]
[EventDate "2010.??.??"]

1. e4 c6 2. d4 d5 3. Nc3 dxe4 4. Nxe4 Nf6 5. Nxf6+ exf6 6. Nf3 Bd6 7. Bd3 O-O
8. Be3 Be6 9. c4 Re8 10. Qc2 Bb4+ 11. Nd2 Bxd2+ 12. Qxd2 Nd7 13. O-O Nf8 14.
Rfd1 Qd7 15. a4 Bg4 16. f3 Bf5 17. Bf1 a6 18. a5 Rad8 19. b4 Qe7 20. Bf2 Bd7
21. Re1 Be6 22. b5 Qd7 23. Qb4 axb5 24. cxb5 Bd5 25. a6 bxa6 26. Rxe8 Rxe8 27.
Rxa6 cxb5 28. Rd6 Qb7 29. Qxb5 1-0

[Event "TSV Zeulenroda-SG Arnstadt-Stadtilm 2"]
[Site "?"]
[Date "2009.12.20"]
[Round "4.7"]
[White "Widmann, Benjamin"]
[Black "Riemer, Marion"]
[Result "1/2-1/2"]
[WhiteElo "1486"]
[BlackElo "1669"]
[PlyCount "40"]
[EventDate "2010.??.??"]

1. c4 {[%emt 0:00:00]} f5 2. Nc3 Nf6 3. Nf3 e6 4. d4 Be7 5. Bg5 O-O 6. e3 c6 7.
Be2 d5 8. O-O Nbd7 9. a3 Qe8 10. b4 h6 11. Bxf6 Nxf6 12. Ne5 Bd6 13. b5 c5 14.
Qb3 dxc4 15. Nxc4 Qe7 16. Nxd6 Qxd6 17. dxc5 Qxc5 18. Rac1 Qe7 19. h3 Kh8 20.
Na4 b6 1/2-1/2

[Event "TSV Zeulenroda-SG Arnstadt-Stadtilm 2"]
[Site "?"]
[Date "2009.12.20"]
[Round "4.8"]
[White "Wiedemann, Volker"]
[Black "Pecher, Peter"]
[Result "1/2-1/2"]
[WhiteElo "1838"]
[BlackElo "1446"]
[PlyCount "59"]
[EventDate "2010.??.??"]

1. Nf3 d5 2. b3 Nf6 3. Bb2 g6 4. e3 Bg7 5. c4 e6 6. d4 b6 7. Nbd2 Bb7 8. Rc1
Nbd7 9. c5 c6 10. Be2 b5 11. O-O O-O 12. Ne5 Qc7 13. Ndf3 Ne8 14. Qd2 Nxe5 15.
dxe5 a5 16. a4 b4 17. Rfd1 Ba6 18. Bxa6 Rxa6 19. Qe2 Qc8 20. e4 Ra8 21. Rc2 Nc7
22. Nd4 Qd7 23. f4 Rad8 24. Rcd2 f6 25. Nf3 Qe7 26. Bd4 f5 27. exd5 Rxd5 28. g3
Rfd8 29. Bf2 h6 30. Kg2 1/2-1/2

[Event "SV Jenapharm Jena 2-SV Medizin Erfurt 2"]
[Site "?"]
[Date "2010.01.10"]
[Round "5.1"]
[White "Schmuck, Helmut"]
[Black "Mißbach, Bernd"]
[Result "0-1"]
[WhiteElo "1962"]
[BlackElo "1927"]
[PlyCount "93"]
[EventDate "2010.??.??"]

1. d4 g6 2. c4 Bg7 3. Nc3 c5 4. Nf3 cxd4 5. Nxd4 Nc6 6. e3 d6 7. Be2 Bd7 8. O-O
Nf6 9. b3 O-O 10. Bb2 Qc8 11. Rc1 b6 12. Nd5 Qe8 13. Nc7 Qc8 14. Nxa8 Qxa8 15.
Bf3 Qc8 16. Nxc6 Bxc6 17. Bxc6 Qxc6 18. Qf3 Qxf3 19. gxf3 Nd7 20. Bxg7 Kxg7 21.
Rfd1 Rc8 22. f4 f6 23. Kg2 Kf7 24. Kf3 Ke6 25. h4 f5 26. Ke2 a5 27. f3 Nc5 28.
Rg1 Kf7 29. h5 Ne6 30. hxg6+ hxg6 31. Rh1 Kg7 32. Rh2 b5 33. Kd2 b4 34. Rch1
Nf8 35. Rh8 Rc5 36. e4 a4 37. Kd3 axb3 38. axb3 Ra5 39. R8h2 Ra3 40. Kc2 Ne6
41. Rd2 Nc5 42. e5 Ra2+ 43. Kd1 Ra1+ 44. Ke2 Rxh1 45. exd6 Rh2+ 46. Kd1 Rxd2+
47. Kxd2 0-1

[Event "SV Jenapharm Jena 2-SV Medizin Erfurt 2"]
[Site "?"]
[Date "2010.01.10"]
[Round "5.2"]
[White "Wolf, Isaak"]
[Black "Schmidt, Uwe"]
[Result "1-0"]
[WhiteElo "1871"]
[BlackElo "1991"]
[PlyCount "49"]
[EventDate "2010.??.??"]

1. e4 e6 2. d4 d5 3. exd5 exd5 4. Nf3 Bd6 5. c4 c6 6. Nc3 Nf6 7. Bg5 Qe7+ 8.
Be2 Be6 9. O-O Nbd7 10. Qb3 dxc4 11. Qxb7 O-O 12. Qxc6 Rfc8 13. Qa4 Nb6 14. Qc2
Rab8 15. Ne5 Nbd5 16. Nxd5 Bxd5 17. Bf3 Bxe5 18. dxe5 Bxf3 19. exf6 gxf6 20.
Rfe1 Qb7 21. Bxf6 Bh5 22. Qd2 Rc6 23. Qh6 Rxf6 24. Qxf6 Qxb2 25. Re8+ 1-0

[Event "SV Jenapharm Jena 2-SV Medizin Erfurt 2"]
[Site "?"]
[Date "2010.01.10"]
[Round "5.3"]
[White "Fischer, Dennis"]
[Black "Rauhut, Frank"]
[Result "0-1"]
[WhiteElo "1917"]
[BlackElo "1921"]
[PlyCount "140"]
[EventDate "2010.??.??"]

1. d4 g6 2. c4 Bg7 3. g3 c5 4. e3 cxd4 5. exd4 d5 6. c5 Nc6 7. Be3 Nf6 8. Bg2
O-O 9. Nf3 b6 10. Qa4 Bd7 11. cxb6 Qxb6 12. O-O Qxb2 13. Nbd2 Qb4 14. Qd1 Bf5
15. Nb3 Ne4 16. Nh4 Nc3 17. Qd2 Nxd4 18. Nxd4 Bxd4 19. Nxf5 gxf5 20. Bh6 Rfe8
21. Qg5+ Kh8 22. Qxf5 Bf6 23. Bxd5 Nxd5 24. Qxd5 Bxa1 25. Rxa1 Qd6 26. Qg5 Qg6
27. Qe3 Rab8 28. Bf4 Rb1+ 29. Rxb1 Qxb1+ 30. Kg2 Qb7+ 31. Kh3 Qd7+ 32. Kg2 Qd5+
33. Kh3 Qe6+ 34. Qxe6 fxe6 35. Be3 a6 36. Kg4 Rc8 37. Kf4 Kg8 38. Ke5 Kf7 39.
a4 Rb8 40. Bc5 Rd8 41. Bb6 Rd5+ 42. Ke4 h5 43. a5 Kg6 44. h4 Kf7 45. Kf4 Kf6
46. Ke4 Rb5 47. Bd4+ Kf7 48. Bc3 Kg6 49. Bd2 Rd5 50. Bc3 Rd1 51. Bb4 Ra1 52.
Ke5 Ra4 53. Bc3 Kf7 54. f3 Rc4 55. Bd4 Ra4 56. Bb6 Rb4 57. Bc7 Rb3 58. Kf4 Rb5
59. Ke4 Kf6 60. Kf4 Rb4+ 61. Ke3 Kf5 62. Bd8 Ra4 63. Bc7 Ra3+ 64. Kd4 Rxf3 65.
Kc5 Rb3 66. Kc6 Rc3+ 67. Kb6 Rxc7 68. Kxc7 e5 69. Kb6 e4 70. Kxa6 e3 0-1

[Event "SV Jenapharm Jena 2-SV Medizin Erfurt 2"]
[Site "?"]
[Date "2010.01.10"]
[Round "5.4"]
[White "Asmykovich, Ihar"]
[Black "Sunderbrink, Heino"]
[Result "0-1"]
[WhiteElo "1707"]
[BlackElo "1929"]
[PlyCount "77"]
[EventDate "2010.??.??"]

1. d4 Nf6 2. Nf3 g6 3. Bg5 Bg7 4. Bxf6 Bxf6 5. e4 d6 6. Bd3 Bg7 7. O-O O-O 8.
Nbd2 e5 9. dxe5 dxe5 10. Bc4 Qe7 11. c3 Be6 12. Qb3 Bxc4 13. Nxc4 b6 14. Rad1
Nd7 15. Ne3 c6 16. Qb4 Nc5 17. Nd2 Qc7 18. Nb3 a5 19. Qc4 Ne6 20. a4 Rfd8 21.
Rfe1 Qb7 22. g3 h5 23. Kg2 Bf8 24. Qe2 Be7 25. Nc4 Qc7 26. Ne3 Kg7 27. h4 Bxh4
28. Nf5+ gxf5 29. exf5 Bf6 30. fxe6 fxe6 31. Qxh5 Qf7 32. Qg4+ Qg6 33. Qxe6
Rxd1 34. Rxd1 Qe4+ 35. Kg1 Rh8 36. Rd7+ Kg6 37. f4 Rh1+ 38. Kf2 Rh2+ 39. Kg1 {
[%emt 0:00:08]} 0-1

[Event "SV Jenapharm Jena 2-SV Medizin Erfurt 2"]
[Site "?"]
[Date "2010.01.10"]
[Round "5.5"]
[White "Reichel, Thomas"]
[Black "Heunemann, Dieter"]
[Result "1-0"]
[WhiteElo "1725"]
[BlackElo "1899"]
[PlyCount "55"]
[EventDate "2010.??.??"]

1. e4 c5 2. d4 cxd4 3. c3 d3 4. Bxd3 Nc6 5. Nf3 d6 6. h3 g6 7. O-O Bg7 8. Be3
Nf6 9. Nbd2 O-O 10. Nh2 d5 11. exd5 Nxd5 12. Nc4 Nxe3 13. fxe3 Be6 14. Qe2 Qc7
15. Nf3 Qg3 16. Kh1 Rad8 17. Ncd2 Qd6 18. Bc2 Ne5 19. Rad1 Qb6 20. Bb3 Bxb3 21.
Nxb3 Rxd1 22. Rxd1 Rd8 23. Nfd4 a6 24. Qf2 Qf6 25. Qc2 Nc4 26. Qe2 Bh6 27. Qxc4
e5 28. Rf1 1-0

[Event "SV Jenapharm Jena 2-SV Medizin Erfurt 2"]
[Site "?"]
[Date "2010.01.10"]
[Round "5.6"]
[White "Skarus, Steffen"]
[Black "Spittel, Ulrich"]
[Result "1-0"]
[WhiteElo "1858"]
[BlackElo "1943"]
[PlyCount "90"]
[EventDate "2010.??.??"]

1. c4 Nf6 2. g3 g6 3. Bg2 Bg7 4. Nc3 O-O 5. e3 d6 6. Nge2 Nc6 7. O-O e5 8. a3
Nd7 9. b4 f5 10. d4 Nf6 11. b5 Ne7 12. Qb3 Rb8 13. Rd1 exd4 14. exd4 Be6 15.
Nf4 Bf7 16. Ra2 h6 17. Re2 g5 18. Ne6 Bxe6 19. Rxe6 Qd7 20. Rde1 Ng6 21. c5 Kh7
22. cxd6 cxd6 23. d5 Rbc8 24. Qb4 Nxd5 25. Rxd6 Nxb4 26. Rxd7 Rxc3 27. axb4
Rfc8 28. Be3 R8c7 29. Rxc7 Rxc7 30. Bxa7 Bf8 31. Bb8 Rc8 32. Ba7 Bxb4 33. Rd1
Rc7 34. Bb6 Re7 35. Bd8 Rf7 36. b6 Bc5 37. Rd5 Bb4 38. Bc7 f4 39. Be4 Re7 40.
f3 Kg7 41. Bd8 Rf7 42. Kg2 Nf8 43. Bf5 Be7 44. Bc7 fxg3 45. hxg3 Kf6 1-0

[Event "SV Jenapharm Jena 2-SV Medizin Erfurt 2"]
[Site "?"]
[Date "2010.01.10"]
[Round "5.7"]
[White "Stockum, René"]
[Black "Schober, Manfred"]
[Result "1-0"]
[WhiteElo "1774"]
[BlackElo "1830"]
[PlyCount "83"]
[EventDate "2010.??.??"]

1. d4 d5 2. c4 dxc4 3. Nf3 Nf6 4. Nc3 c5 5. e3 Bg4 6. Bxc4 e6 7. Qa4+ Nbd7 8.
Ne5 a6 9. dxc5 Bxc5 10. Nxg4 Nxg4 11. Bxe6 Nge5 12. Bxd7+ Nxd7 13. Qe4+ Qe7 14.
Qxb7 O-O 15. O-O Rfb8 16. Qe4 Qg5 17. Qd5 Qe7 18. Ne4 Ba7 19. b3 Nb6 20. Qd3
Rd8 21. Qb1 Nd5 22. Bb2 f5 23. Nc3 f4 24. Nxd5 Rxd5 25. exf4 Rd2 26. Be5 Rad8
27. Qe4 Qh4 28. g3 Qh3 29. Qg2 Qf5 30. Qb7 R8d7 31. Qxa6 Rc2 32. Qa4 Qd3 33.
Kg2 Qd5+ 34. Kh3 Bxf2 35. Qa6 Rc6 36. Qxc6 Qxc6 37. Rxf2 g5 38. Raf1 gxf4 39.
Rxf4 Qe6+ 40. Rg4+ Rg7 41. Bxg7 {[%emt 0:00:45]} h5 42. Rf8+ 1-0

[Event "SV Jenapharm Jena 2-SV Medizin Erfurt 2"]
[Site "?"]
[Date "2010.01.10"]
[Round "5.8"]
[White "Fauth, Frank"]
[Black "Seele, Hartmut"]
[Result "1-0"]
[WhiteElo "1758"]
[BlackElo "1828"]
[PlyCount "114"]
[EventDate "2010.??.??"]

1. d4 Nf6 2. Nf3 g6 3. c4 Bg7 4. Nc3 d6 5. e4 Bg4 6. Be2 O-O 7. h3 Bxf3 8. Bxf3
Nc6 9. Be3 e5 10. d5 Ne7 11. O-O Nd7 12. Be2 f5 13. f3 f4 14. Bf2 g5 15. b4 a5
16. a3 b6 17. Qb3 Kh8 18. Nb5 h5 19. Rac1 Bh6 20. Rc2 Nf6 21. c5 Rc8 22. Na7
Ra8 23. cxb6 cxb6 24. Nc6 Nxc6 25. dxc6 g4 26. Bh4 gxh3 27. Qe6 h2+ 28. Kh1 Bg7
29. Rd1 axb4 30. axb4 Qe8 31. Qxe8 Nxe8 32. Be7 Rf7 33. Bxd6 Nxd6 34. Rxd6 Raa7
35. Rcd2 Bf8 36. Rd8 Kg7 37. b5 Bc5 38. R8d7 Bd4 39. Rxf7+ Kxf7 40. Kxh2 Ke6
41. g3 Be3 42. Bc4+ Ke7 43. Rd5 Kf6 44. Rd6+ Kg5 45. Rd7 fxg3+ 46. Kxg3 Ra4 47.
Bb3 Ra1 48. Rd1 Ra7 49. Rd3 h4+ 50. Kh3 Kf4 51. Bd1 Bg1 52. Rd7 Ra1 53. Kxh4
Rc1 54. Rf7+ Ke3 55. Rd7 Kf4 56. Kh5 Bd4 57. Bb3 Kxf3 1-0

[Event "SV Jenapharm Jena 3-SG Blau-Weiß Stadti"]
[Site "?"]
[Date "2010.01.10"]
[Round "5.1"]
[White "Siebarth, Raiko"]
[Black "Wagner, Günther"]
[Result "1-0"]
[WhiteElo "2207"]
[BlackElo "1837"]
[PlyCount "39"]
[EventDate "2010.??.??"]

1. Nc3 c5 2. e4 d6 3. f4 Nc6 4. Nf3 g6 5. Bc4 Bg7 6. O-O e6 7. d3 Nge7 8. Qe1
O-O 9. f5 exf5 10. Qh4 h5 11. Bg5 Qd7 12. Bf6 a6 13. a4 Rb8 14. Rae1 b6 15. Qg5
Kh7 16. Kh1 Bxf6 17. Qxf6 Ng8 18. Ng5+ Kh6 19. Qh8+ Kxg5 20. g3 1-0

[Event "SV Jenapharm Jena 3-SG Blau-Weiß Stadti"]
[Site "?"]
[Date "2010.01.10"]
[Round "5.2"]
[White "Vater, Rainer"]
[Black "Schneider, Christian"]
[Result "0-1"]
[WhiteElo "1830"]
[BlackElo "2134"]
[PlyCount "145"]
[EventDate "2010.??.??"]

1. e4 c5 2. Nc3 e6 3. g3 Nc6 4. Bg2 Nge7 5. Nf3 a6 6. a4 g6 7. O-O Bg7 8. d3 d5
9. Bg5 h6 10. Bd2 O-O 11. Qc1 Kh7 12. a5 Nxa5 13. Nxd5 exd5 14. Bxa5 b6 15. Bd2
dxe4 16. dxe4 Bb7 17. Re1 Nc6 18. c3 Na5 19. Qc2 Re8 20. Rad1 Qe7 21. Nh4 Bf6
22. Bf4 Rad8 23. Rxd8 Rxd8 24. Nf3 Bg7 25. Nd2 Qe6 26. f3 Rd7 27. Rd1 Bc6 28.
Bf1 b5 29. Ra1 Nb7 30. Rxa6 Bxe4 31. Rxe6 Bxc2 32. Rb6 b4 33. cxb4 Bd4+ 34. Kg2
g5 35. Bb5 cxb4 36. Bxd7 Bxb6 37. Be5 Nc5 38. Bb5 Kg6 39. Nc4 Bd8 40. Bd4 Ne6
41. Be5 Be7 42. Ne3 Bb1 43. Bc6 Bc5 44. Nc4 f6 45. Bd6 Ba2 46. Bxc5 Nxc5 47.
Ne3 f5 48. Bb5 Kf6 49. Kf2 Ke5 50. Ke2 Bb1 51. Nc4+ Kd4 52. Ne3 f4 53. gxf4
gxf4 54. Nd1 Bd3+ 55. Bxd3 Nxd3 56. Kd2 Ne5 57. Ke2 Kc4 58. Nf2 Kb3 59. Nh3 Ng6
60. Kd3 Kxb2 61. Nf2 b3 62. Ke4 Kc2 63. Nd3 Nh4 64. Ne1+ Kd2 65. Nd3 Nxf3 66.
Nb2 Ne1 67. Nc4+ Kc3 68. Na3 Nd3 69. h4 b2 70. h5 Kb3 71. Nb1 Kc2 72. Na3+ Kc3
73. Nb1+ 0-1

[Event "SV Jenapharm Jena 3-SG Blau-Weiß Stadti"]
[Site "?"]
[Date "2010.01.10"]
[Round "5.3"]
[White "Rätsch, Heinz"]
[Black "Koch, Herbert"]
[Result "1-0"]
[WhiteElo "2135"]
[BlackElo "1720"]
[PlyCount "67"]
[EventDate "2010.??.??"]

1. Nc3 Nf6 2. e4 d6 3. f4 Nc6 4. Nf3 e5 5. Bb5 exf4 6. d4 Bd7 7. O-O g6 8. Qe2
Bg7 9. Bxf4 O-O 10. Rad1 Nh5 11. Bg5 Bf6 12. Bc1 Na5 13. Bd3 Bg4 14. Be3 Nc6
15. Qf2 Bxf3 16. gxf3 Bh4 17. Qg2 Bf6 18. Bc4 Na5 19. Be2 Ng7 20. f4 Qd7 21.
Nd5 Bd8 22. b4 Nc6 23. f5 a5 24. b5 Nb4 25. Nxb4 axb4 26. Bh6 Re8 27. fxg6 hxg6
28. Bc4 Ne6 29. Bd2 Ra4 30. Bb3 Ra5 31. a4 Ra8 32. Rf3 Rf8 33. Bh6 Ng7 34. Qxg6
1-0

[Event "SV Jenapharm Jena 3-SG Blau-Weiß Stadti"]
[Site "?"]
[Date "2010.01.10"]
[Round "5.4"]
[White "Hesse, Norbert"]
[Black "Siebarth, Marco"]
[Result "0-1"]
[WhiteElo "1708"]
[BlackElo "1944"]
[PlyCount "122"]
[EventDate "2010.??.??"]

1. Nf3 d5 2. g3 c5 3. Bg2 Nf6 4. O-O Nc6 5. d3 g6 6. c4 e6 7. Bg5 Bg7 8. Nc3
O-O 9. Re1 h6 10. Bxf6 Bxf6 11. Nd2 d4 12. Nce4 Be7 13. Nb3 Qb6 14. Qd2 Kg7 15.
Qc1 f5 16. Ned2 a5 17. Qb1 Bf6 18. Nc1 Bd7 19. a3 Rae8 20. b3 g5 21. Ra2 h5 22.
Rb2 Qc7 23. Na2 b6 24. b4 axb4 25. axb4 Rb8 26. bxc5 bxc5 27. Rxb8 Rxb8 28. Qc2
h4 29. Rb1 hxg3 30. hxg3 g4 31. Rxb8 Qxb8 32. Nc1 Nb4 33. Qb1 Qa7 34. Ncb3 Ba4
35. Qb2 Kf7 36. Nb1 Bd7 37. Qa3 Qa4 38. Qxa4 Bxa4 39. Na5 Na2 40. f4 Nc3 41.
Nd2 Nxe2+ 42. Kf2 Nc1 43. Bf1 Bc2 44. Nb7 Nxd3+ 45. Bxd3 Bxd3 46. Ke1 Be4 47.
Na5 Bd8 48. Nab3 Be7 49. Ke2 e5 50. Nxe4 fxe4 51. fxe5 Ke6 52. Nd2 Kxe5 53. Nf1
Bg5 54. Nh2 d3+ 55. Kd1 Kd4 56. Nxg4 e3 57. Nh2 e2+ 58. Ke1 Kxc4 59. Nf3 Bf6
60. Nd2+ Kd4 61. g4 Bh4# 0-1

[Event "SV Jenapharm Jena 3-SG Blau-Weiß Stadti"]
[Site "?"]
[Date "2010.01.10"]
[Round "5.5"]
[White "Wolff, Christoph"]
[Black "Horatschek, Peter"]
[Result "1-0"]
[WhiteElo "1834"]
[BlackElo "1694"]
[PlyCount "61"]
[EventDate "2010.??.??"]

1. e4 c6 2. c4 e6 3. Nc3 d5 4. exd5 cxd5 5. cxd5 exd5 6. d4 Nf6 7. Nf3 Nc6 8.
Bb5 Bd6 9. O-O O-O 10. Re1 Bg4 11. Bg5 Bxf3 12. gxf3 Bc7 13. Bh4 Qd7 14. Kg2
Rfe8 15. Qd2 Qf5 16. Rg1 Kh8 17. Bd3 Qh5 18. Qg5 Qxg5+ 19. Bxg5 Nxd4 20. Bxf6
gxf6 21. Nxd5 Bxh2 22. Rh1 f5 23. Rxh2 Rg8+ 24. Kh1 Rg6 25. Rh3 Rd8 26. Nf4 Rg5
27. Rg1 f6 28. Rhg3 Re8 29. Kg2 Reg8 30. Re1 h5 31. Rh1 1-0

[Event "SV Jenapharm Jena 3-SG Blau-Weiß Stadti"]
[Site "?"]
[Date "2010.01.10"]
[Round "5.6"]
[White "Horatschek, Martin jr"]
[Black "Berner, Stephan"]
[Result "1/2-1/2"]
[WhiteElo "1513"]
[BlackElo "1772"]
[PlyCount "33"]
[EventDate "2010.??.??"]

1. e4 {[%emt 0:00:00]} c6 2. d4 d5 3. exd5 cxd5 4. Nf3 Nc6 5. c3 Nf6 6. Bb5 Bd7
7. O-O e6 8. Bf4 Be7 9. Nbd2 a6 10. Bd3 Rc8 11. Re1 Qb6 12. Qc2 a5 13. Qb3 Qxb3
14. axb3 O-O 15. Ne5 Ra8 16. Nxd7 Nxd7 17. Bb5 1/2-1/2

[Event "SV Empor Erfurt 2-SV Schott Jena 2"]
[Site "?"]
[Date "2010.02.07"]
[Round "6.1"]
[White "Saran, Bajar"]
[Black "Taudte, Stefan"]
[Result "1-0"]
[WhiteElo "1808"]
[BlackElo "1927"]
[PlyCount "139"]
[EventDate "2010.??.??"]

1. e4 e6 2. Qe2 c5 3. f4 Nc6 4. Nf3 Nge7 5. d3 d5 6. g3 Qb6 7. exd5 exd5 8. Nc3
Be6 9. Ng5 Nd4 10. Qf2 O-O-O 11. Bg2 h6 12. Nf3 Nxf3+ 13. Bxf3 Bh3 14. b3 d4
15. Na4 Qe6+ 16. Qe2 Qxe2+ 17. Kxe2 Nd5 18. Bd2 b5 19. Nb2 Be7 20. a4 b4 21.
Rae1 Bf6 22. Nc4 g5 23. Bxd5 Rxd5 24. Kf2 Kd7 25. Kf3 h5 26. fxg5 Rf5+ 27. Bf4
Bxg5 28. Re5 f6 29. Rxf5 Bxf5 30. Bxg5 fxg5 31. Ne5+ Ke6 32. Re1 Kf6 33. Nc6
Rh7 34. Kg2 Rc7 35. Ne5 Re7 36. Nf3 Rxe1 37. Nxe1 Bg4 38. Nf3 Bd7 39. Kf2 Bc6
40. Ne1 Kf5 41. h3 Bb7 42. Nf3 Bc6 43. Nd2 Bd5 44. Nf3 Bb7 45. Nd2 Bc6 46. Nc4
h4 47. Nd6+ Ke6 48. Nc4 Kf5 49. Nd6+ Kf6 50. Nc4 g4 51. gxh4 gxh3 52. Kg3 h2
53. Kxh2 Bf3 54. Nb2 Kf5 55. Kg3 Bh5 56. Kg2 Kg4 57. Kf2 Kxh4 58. Ke1 Kg3 59.
Kd2 Bf7 60. Nd1 Be6 61. Nb2 Bd5 62. Nd1 Kf3 63. Nb2 Kf4 64. Nd1 Bf3 65. Nb2 Bh5
66. Nc4 Bg4 67. Nd6 Ke5 68. Ne4 Be6 69. Nxc5 a5 70. Nb7 {der Rest ???} 1-0

[Event "SV Empor Erfurt 2-SV Schott Jena 2"]
[Site "?"]
[Date "2010.02.07"]
[Round "6.2"]
[White "Strauch, Martin"]
[Black "Schlachetka, Werner"]
[Result "0-1"]
[WhiteElo "1729"]
[BlackElo "1936"]
[PlyCount "98"]
[EventDate "2010.??.??"]

1. e4 c5 2. Nf3 Nc6 3. c3 e5 4. Bc4 d6 5. O-O Qc7 6. d3 Nf6 7. h3 Be7 8. Be3
O-O 9. Nbd2 Bd7 10. Rc1 a6 11. d4 b5 12. Bd5 Nxd5 13. exd5 Nd8 14. dxc5 dxc5
15. Ne4 Nb7 16. Ng3 f5 17. Bg5 Bd6 18. Nd2 h6 19. Bh4 Be8 20. Ne2 g5 21. Bg3 f4
22. Bh2 Bg6 23. f3 Qh7 24. Kh1 c4 25. Bg1 h5 26. b3 Bd3 27. Re1 g4 28. bxc4
bxc4 29. Qa4 Bc5 30. Nxc4 Bxg1 31. Nxg1 e4 32. fxe4 f3 33. Ne5 Bb5 34. Qd4 f2
35. Red1 f1=Q 36. Rxf1 Bxf1 37. d6 Qg7 38. Rxf1 Rxf1 39. Qc4+ Rf7 40. Nxf7 Qxf7
41. Qc6 Rf8 42. e5 Nd8 43. Qxa6 gxh3 44. Nxh3 Qf1+ 45. Qxf1 Rxf1+ 46. Kh2 Re1
47. c4 Rxe5 48. Nf4 Re4 49. Nxh5 Rh4+ 0-1

[Event "SV Empor Erfurt 2-SV Schott Jena 2"]
[Site "?"]
[Date "2010.02.07"]
[Round "6.3"]
[White "Schmidt, Lothar"]
[Black "Wahlicht, Mike"]
[Result "1-0"]
[WhiteElo "1918"]
[BlackElo "1884"]
[PlyCount "65"]
[EventDate "2010.??.??"]

1. d4 Nf6 2. Nf3 e6 3. Bf4 b6 4. Nbd2 d5 5. e3 Bd6 6. Bg3 O-O 7. Bd3 Bb7 8. Ne5
c5 9. c3 Ne4 10. Qc2 f5 11. f3 Nxg3 12. hxg3 Nd7 13. f4 Bxe5 14. dxe5 c4 15.
Be2 Qc7 16. Nf3 Nc5 17. Nd4 Rae8 18. O-O-O Ne4 19. Rh4 Nxg3 20. Bf3 Bc8 21. Rh3
Ne4 22. Rdh1 g6 23. g4 Re7 24. Rh6 Rff7 25. Qh2 Rg7 26. Bd1 b5 27. a3 Qa5 28.
Qc2 Nc5 29. Nc6 Qb6 30. Nxe7+ Rxe7 31. Qh2 Qc7 32. Rxg6+ Rg7 33. Qxh7+ 1-0

[Event "SV Empor Erfurt 2-SV Schott Jena 2"]
[Site "?"]
[Date "2010.02.07"]
[Round "6.4"]
[White "Trautmann, Johannes"]
[Black "Werner, Ernst"]
[Result "1-0"]
[WhiteElo "1740"]
[BlackElo "1889"]
[PlyCount "71"]
[EventDate "2010.??.??"]

1. c4 e5 2. Nc3 Bb4 3. g3 Bxc3 4. bxc3 d5 5. Bg2 c6 6. cxd5 cxd5 7. Nf3 Nc6 8.
d3 Nge7 9. O-O O-O 10. Rb1 Re8 11. Nd2 Ng6 12. c4 Nge7 13. Ba3 Rb8 14. cxd5
Nxd5 15. Rc1 Re6 16. Qb3 Nde7 17. Ne4 Nd4 18. Qb2 Nd5 19. e3 Rb6 20. Qd2 Nb5
21. Bc5 Rh6 22. a4 b6 23. axb5 bxc5 24. Rxc5 Bb7 25. Rfc1 f5 26. Nc3 Nb6 27.
Bxb7 Rxb7 28. Na4 Rd6 29. Nxb6 Qxb6 30. Qa2+ Kf8 31. Rxe5 g6 32. Rc8+ Rd8 33.
Qa3+ Kg8 34. Re8+ Rxe8 35. Rxe8+ Kg7 36. Qf8# 1-0

[Event "SV Empor Erfurt 2-SV Schott Jena 2"]
[Site "?"]
[Date "2010.02.07"]
[Round "6.5"]
[White "Jordan, Gunter"]
[Black "Renner, Wolfgang"]
[Result "1-0"]
[WhiteElo "1849"]
[BlackElo "1748"]
[PlyCount "95"]
[EventDate "2010.??.??"]

1. d4 Nf6 2. c4 g6 3. Nc3 Bg7 4. e4 d6 5. Be2 Nbd7 6. Bg5 c6 7. Qd2 Qa5 8. Nf3
Rb8 9. O-O h6 10. Bf4 g5 11. Bg3 Nh5 12. a3 e5 13. Nb5 Qxd2 14. Nxd6+ Kf8 15.
Nxd2 Nf4 16. Bxf4 gxf4 17. d5 Nf6 18. Nxc8 Rxc8 19. Rac1 Ke7 20. b4 Rhd8 21. h3
h5 22. g4 fxg3 23. fxg3 Bh6 24. Rcd1 Bxd2 25. Rxd2 Nxe4 26. Rd3 cxd5 27. cxd5
Rh8 28. Re3 Nd6 29. Rxe5+ Kd7 30. Rxh5 Rxh5 31. Bxh5 Rc3 32. Rf3 Rc1+ 33. Kg2
Ke7 34. h4 Rc4 35. Kh3 Rd4 36. Re3+ Kf6 37. Bf3 Nf5 38. Rc3 Ke5 39. g4 Nd6 40.
Re3+ Kf4 41. Rc3 Nc4 42. Bg2 Ne3 43. Rxe3 Kxe3 44. Kg3 Rd3 45. h5 Kd4+ 46. Kf4
f6 47. h6 Rd2 48. h7 1-0

[Event "SV Empor Erfurt 2-SV Schott Jena 2"]
[Site "?"]
[Date "2010.02.07"]
[Round "6.6"]
[White "Thiemann, Jürgen"]
[Black "Scherübl, Maximilian"]
[Result "1-0"]
[WhiteElo "1747"]
[BlackElo "1551"]
[PlyCount "61"]
[EventDate "2010.??.??"]

1. d4 Nf6 2. c4 g6 3. Nc3 Bg7 4. e4 d6 5. g3 O-O 6. Bg2 Re8 7. Nf3 Nbd7 8. Qc2
c5 9. d5 Ng4 10. Rb1 Nge5 11. b3 Nxf3+ 12. Bxf3 Ne5 13. Bg2 Bg4 14. O-O Qd7 15.
f4 Rf8 16. fxe5 Bxe5 17. Ne2 f5 18. Bb2 fxe4 19. Bxe5 dxe5 20. Bxe4 Qd6 21.
Rbe1 Rf6 22. Qd2 Raf8 23. Bg2 b6 24. Nc3 Rxf1+ 25. Rxf1 Bf5 26. Qh6 e6 27. Ne4
Qe7 28. Ng5 Qg7 29. Qxg7+ Kxg7 30. Nxe6+ Bxe6 31. Rxf8 1-0

[Event "SV Empor Erfurt 2-SV Schott Jena 2"]
[Site "?"]
[Date "2010.02.07"]
[Round "6.7"]
[White "Seifert, Michael"]
[Black "Schoel, Tobias"]
[Result "0-1"]
[WhiteElo "1339"]
[BlackElo "1625"]
[PlyCount "70"]
[EventDate "2010.??.??"]

1. d4 f5 2. c4 Nf6 3. Nc3 g6 4. Nf3 Bg7 5. g3 O-O 6. Bg2 c6 7. O-O d6 8. Qc2
Na6 9. a3 Nc7 10. b4 a6 11. Bb2 Be6 12. Nd2 Rc8 13. a4 b5 14. cxb5 cxb5 15. Qb1
Nfd5 16. Nxd5 Nxd5 17. axb5 axb5 18. Bxd5 Bxd5 19. Rc1 Qb6 20. Qd3 Rxc1+ 21.
Rxc1 Ra8 22. Ra1 Rc8 23. Ra3 Bc4 24. Qe3 Kf7 25. Nf3 h6 26. Ra1 Re8 27. Ra3 Qb8
28. Ra6 Qb7 29. Ra3 Ra8 30. Kf1 Rxa3 31. Qxa3 e5 32. Qe3 exd4 33. Bxd4 Bxd4 34.
Qxd4 Qxf3 35. Qa7+ Ke6 0-1

[Event "SV Medizin Erfurt 2-SV Jenapharm Jena 3"]
[Site "?"]
[Date "2010.02.07"]
[Round "6.1"]
[White "Wagner, Günther"]
[Black "Schmidt, Uwe"]
[Result "1/2-1/2"]
[WhiteElo "1837"]
[BlackElo "1991"]
[PlyCount "35"]
[EventDate "2010.??.??"]

1. e4 e6 2. d4 d5 3. Nc3 dxe4 4. Nxe4 Bd7 5. Bd3 Bc6 6. Qe2 Nf6 7. Nf3 Nbd7 8.
O-O Nxe4 9. Bxe4 Bxe4 10. Qxe4 c6 11. c4 Be7 12. Re1 O-O 13. Qe2 Re8 14. b3 Qa5
15. Bd2 Bb4 16. Rad1 Nf6 17. Bxb4 Qxb4 18. h3 1/2-1/2